00574nam a2200181 a 450000100060000000300090000600800410001501500210005604000280007710000200010524500600012526000410018530000450022650000400027165000230031165000360033470000220037025209CO-ViMGA141112s2004 ck r 000 u spa d ack - 2005 - xxxx aCO-ViMGAbspacCO-ViMGA1 aPowell, Richard10aPablo Pez / cRichard Powell, ilustraciones Dewy Morris aBogotá : bPanAméricana, c2008. a1 libro plástico [4 h.] : il. ; 15 cm. aLibro plástico sumergible en agua14aCuentos infantiles14aLibros ilustrados para niños 1 aMorris, Dewy, il.